| 000 | 00648nam a2200217Ia 4500 | ||
|---|---|---|---|
| 003 | OSt | ||
| 005 | 20230329104722.0 | ||
| 008 | 210423s2012 xx 000 0 und d | ||
| 020 | _a978-81-8094-107-8 | ||
| 040 | _cAL | ||
| 041 | _aeng | ||
| 082 |
_a576.028 _223 _bMURM |
||
| 100 |
_aMURUGALATHA (N);GROWTHER (Lali);HENA (Vimalin J);SHENPAGAM (Hema N);ANITHA (R);DEVI (Kanchana D);RAJALAKSHMI (G) _979447 |
||
| 245 | _aMicrobiological techniques | ||
| 260 |
_aChennai _bMJP Publishers _c2012 |
||
| 300 |
_axiii,440 _bHB |
||
| 365 |
_b2500 _cINR |
||
| 650 |
_aMicrobiology _979448 |
||
| 906 | _aMicrobiological ; techniques | ||
| 942 |
_2ddc _cBK |
||
| 999 |
_c168834 _d168834 |
||